| Поле | Инд. | ПП | Название | Значение |
|---|---|---|---|---|
| Тип записи | a | |||
| Библиографический уровень | m | |||
| 001 | _ | Контрольный номер | RU\infra-m\znanium\bibl\1232287 | |
| 005 | _ | Дата корректировки | 20250915104106.6 | |
| 008 | Кодируемые данные | 220920s2020 RU g rus u | ||
| 020 | a | ISBN | 978-5-369-01848-4 | |
| 020 | a | ISBN | 978-5-16-108538-7 | |
| 020 | a | ISBN | 978-5-16-016214-0 | |
| 040 | a | Служба первич. каталог. | Общество с ограниченной ответственностью «ЗНАНИУМ» | |
| 041 | a | Код языка текста | rus | |
| 044 | a | Код страны публикации | RU | |
| 080 | a | Индекс УДК | 629.391+004.9(075.8) | |
| 084 | 2 | Источник индекса | rubbk | |
| a | Индекс другой классификации/Индекс ББК | 32.81я73 | ||
| 084 | 2 | Источник индекса | okso | |
| a | Индекс другой классификации/Индекс ББК | 10.04.01 | ||
| 084 | 2 | Источник индекса | okso | |
| a | Индекс другой классификации/Индекс ББК | 38.04.05 | ||
| 084 | 2 | Источник индекса | okso | |
| a | Индекс другой классификации/Индекс ББК | 10.05.04 | ||
| 084 | 2 | Источник индекса | okso | |
| a | Индекс другой классификации/Индекс ББК | 10.05.02 | ||
| 084 | 2 | Источник индекса | okso | |
| a | Индекс другой классификации/Индекс ББК | 38.03.05 | ||
| 084 | 2 | Источник индекса | okso | |
| a | Индекс другой классификации/Индекс ББК | 09.03.03 | ||
| 084 | 2 | Источник индекса | okso | |
| a | Индекс другой классификации/Индекс ББК | 46.03.02 | ||
| 084 | 2 | Источник индекса | okso | |
| a | Индекс другой классификации/Индекс ББК | 10.03.01 | ||
| 100 | 1_ | a | Автор | Бабаш Александр Владимирович |
| q | Полное имя | Александр Владимирович | ||
| 245 | a | Заглавие | Моделирование системы защиты информации: Практикум | |
| b | Продолж. заглавия | Учебное пособие | ||
| c | Ответственность | Национальный исследовательский университет "Высшая школа экономики" | ||
| 250 | g | перераб. и доп. | ||
| a | Основные сведения об издании | 3 | ||
| 260 | a | Место издания | Москва | |
| b | Издательство | Издательский Центр РИОР | ||
| c | Дата издания | 2021 | ||
| 300 | a | Объем | 320 с. | |
| 440 | a | Серия | Высшее образование: Бакалавриат | |
| 520 | a | Аннотация | В практикуме по моделированию системы защиты информации на предприятии рассматриваются задачи и программный инструментарий для их решения в частности: проектирование систем защиты информации с использованием модели с полным перекрытием множества угроз; анализ и управление рисками информационной безопасности с использованием программного пакета Coras и программного комплекса ГРИФ; система поддержки принятия парето-оптимальных решений в области проектирования системы защиты информации; разработка сценариев действий нарушителя информационной безопасности с использованием сети Петри; определение показателей защищенности информации при несанкционированном доступе; использование методологии и стандартов IDEF для моделирования процессов в системе защиты информации; методики анализа рисков информационной безопасности для малого и среднего бизнеса; анализ рисков информационной безопасности с использованием нечеткой логики. | |
| 521 | a | Примеч. о целев. назн. | ВО - Бакалавриат | |
| 650 | a | Основная рубрика | Информатика. Вычислительная техника | |
| x | Основная подрубрика | Защита информации. Компьютерная безопасность | ||
| 700 | 1_ | a | Другие авторы | Баранова Елена Константиновна |
| q | Полное имя | Елена Константиновна | ||
| 852 | x | Примечание, не предназначенное для пользователя | znanium2023 | |
| 856 | 4_ | a | Имя сервера/домена | znanium.com |
| m | Помощь | ebs_support@infra-m.ru | ||
| n | Местонахождение сервера | НИЦ ИНФРА-М | ||
| u | URL | https://znanium.com/catalog/document?id=371348 | ||
| z | Примечание для пользователя | Участвует в КО | ||
| 856 | 41 | a | Имя сервера/домена | znanium.com |
| d | Путь | /cover/1232 | ||
| f | Электронное имя | 1232287.jpg | ||
| q | Тип электронного формата | image/jpeg | ||
| u | URL | https://znanium.com/cover/1232/1232287.jpg |